000
00293nam a2200109Ia 4500
008
180116s9999 xx 000 0 und d
020
_a
9781285429106
245
_c
Mary K. Campbell, Shawn O. Farrell
_a
Biochemistry
250
_a
8th ed
260
_b
Cengage Learning
_c
2015
300
_a
117 pages
999
_c
353275
_d
353275